| 000 | 00803nam a22002417a 4500 | ||
|---|---|---|---|
| 999 |
_c16989 _d16989 |
||
| 003 | AR-CdUCM | ||
| 008 | 190507b ||||| |||| 00| 0 spa d | ||
| 040 |
_aMUNICIPALIDAD PROVINCIAL DEL CUSCO _cBIBLIOTECA MUNICIPAL DEL CUSCO |
||
| 082 |
_23ed _a800.81 / _bM15 |
||
| 100 |
_aMann, Thomas _92844 |
||
| 245 | _aObras escogidas / | ||
| 260 |
_aMadrid : _bAguila, _c1961. |
||
| 300 |
_a1242 páginas ; _c18 cm. |
||
| 440 |
_aBiblioteca premios nobel _9447 |
||
| 505 | _aContenido: Los Buddenbrook -- Alteza real -- Señor y perro. | ||
| 650 |
_aObras de Mann _936783 |
||
| 650 |
_aPremio nobel _9357 |
||
| 650 |
_aLiteratura universal _9611 |
||
| 700 |
_aPayariols, Francisco (traducción) _936784 |
||
| 700 |
_aMoreno, Juana (traducción) _936785 |
||
| 942 |
_2ddc _cLIBROS |
||
| 945 |
_adavv _d07/05/2019 |
||